000 00390nam a2200169Ia 4500
005 20250425161436.0
008 250425s9999 xx 000 0 und d
041 _aeng
082 _aIBM4381
100 _aWEDEMEYER, DAN J
245 0 _aPACIFIC TELECOMMUNICATIONS CONFERENCE
250 _aS.E.
260 _aS.L.
260 _aSin Pais
_bIEEE
_c1979
942 _c01
010 _a20398
999 _c209332
_d209332